000 01975nam a22005057a 4500
001 378
003 FISKH
005 20240530084007.0
008 230330b cb ||||| |||| 00| 0 eng d
010 _a 201929670
020 _a9780340999080
035 _a(OCoLC)on1051134219
040 _aYDX
_beng
_cYDX
_dBDX
_dOCLCQ
_dYVR
_dJSE
_dZQP
_dOCLCF
_dOCLCO
_dDLC
_dFISKH
042 _alccopycat
050 0 0 _aPZ7.C83535
_bHo 2019
082 0 4 _a823.92
_223
100 1 _aCowell, Cressida,
_eauthor.
245 1 0 _aHow to train your dragon /
_cby Cressida Cowell.
_bHow to be a pirate
264 1 _aLondon :
_bHodder Children's Books
_c2010.
300 _a225 pages :
_billustrations ;
_c20 cm.
336 _atext
_2rdacontent
337 _aunmediated
_2rdamedia
338 _avolume
_2rdacarrier
490 1 _aHow to train your dragon ;
_vbook 1
500 _aOriginally published in 2003 by Hodder Children's Books in Great Britain"--Page facing title page.
505 _aU
520 _aChronicles the adventures and misadventures of Hiccup Horrendous Haddock the Third as he tries to pass the important initiation test of his Viking clan, the Tribe of the Hairy Hooligans, by catching and training a dragon.
521 8 _a990
_bLexile
521 8 _aU
_bRaz-Plus
650 0 _aVikings
_vJuvenile fiction.
650 0 _aDragons
_vJuvenile fiction.
650 0 _aHumorous stories.
650 1 _aVikings
_vFiction.
650 1 _aDragons
_vFiction.
650 1 _aHumorous stories.
650 7 _aDragons.
_2fast
_0(OCoLC)fst00897397
650 7 _aHumorous stories.
_2fast
_0(OCoLC)fst00963818
650 7 _aVikings.
_2fast
_0(OCoLC)fst01166937
655 7 _aFiction.
_2fast
_0(OCoLC)fst01423787
655 7 _aJuvenile works.
_2fast
_0(OCoLC)fst01411637
800 1 _aCowell, Cressida.
_tHow to train your dragon ;
_vbk. 1.
906 _a7
_bcbc
_ccopycat
_d2
_encip
_f20
_gy-gencatlg
942 _2ddc
_cBK
_n0
999 _c378
_d378